000 00766nam a22002177a 4500
005 20100722111141.0
008 100722t xxu||||| |||| 00| 0 eng d
010 _aENG-96705
020 _c100.00
035 _aEN-80238
037 _bDBAD/PUB
040 _adpl
_bEnglish
082 _a361
100 _aChakraborty, Shibsankar
_9625
245 _aSocial work and action:
_bthoughts and experience /
_cby Shibsankar Chakraborty
260 _aKolkata
_bNational Council of Education,
_c2009
270 _a188, Raja Subodh Mullik Road,
_bKolkata
_e700032
300 _a159 p.
_c22 cm (pbk)
942 _2ddc
_cEN
_mCHA
_h361
999 _c37158
_d37158